000 00544nam a2200181Ia 4500
003 GCL
008 140319s9999 xx 000 0 ara d
040 _aGCL /
_cGCL
082 0 4 _a398.21
_bا ا
100 1 _aاويرين , جوان
245 1 0 _aاساطير وخرافات صينية /
_cاويرين , جوان
700 1 _aلينا الحاج (ترجمة)
300 _a219
490 _a100 قصة
_v0
650 0 4 _aالادب الشعبى - الصين
650 0 4 _aالاساطير، القصص الخرافية
942 _2ddc
_cBK
999 _c43840
_d43840